| 000 | 02078nam0a2200433 4500 | ||
|---|---|---|---|
| 001 | RU\NLR\bibl\182772 | ||
| 005 | 20260607062117.0 | ||
| 010 |
_a5-220-00427-1 _bСофия |
||
| 010 |
_a5-344-00006-2 _bГелиос _910000 |
||
| 021 |
_aRU _b2001-22779 _91079 |
||
| 035 | _a(NLR Aleph) 000179381 | ||
| 090 |
_a1035365 _c1035365 |
||
| 100 | _a20010803d2001 |||y0rusy50 ca | ||
| 101 | 1 |
_arus _ceng |
|
| 102 |
_aRU _aUA |
||
| 105 | _aa ||||||||| | ||
| 200 | 1 |
_aДаосские секреты любви для двоих _fМантэк Чиа, Мэниван Чиа, Дуглас Абрамс, Рэйчел К. Абрамс _g[Пер. с англ. М. Чеботарев] |
|
| 210 |
_aКиев _cСофия _a[Москва] _cГелиос _d2001 |
||
| 215 |
_a287 с. _cил. _d21 |
||
| 300 | _aЗагл. и авт. ориг.: The multi-orgasmic couple / Mantak Chia, Maneewan Chia, Douglas Abrams and Rachel Carlton Abrams | ||
| 454 | 0 |
_12001#$aThe multi-orgasmic couple$fMantak Chia, Maneewan Chia, Douglas Abrams, Rachel Carlton Abrams _1701#1$aChia$bM.$f1944-$gMantak$3RU\NLR\AUTH\7750785 _1701#1$aChia$bM.$gManeewan$3RU\NLR\AUTH\7791467 _1701#1$aAbrams$bD.$gDouglas _1701#1$aAbrams$bR. C.$gRachel Carlton _tThe multi-orgasmic couple |
|
| 606 | 1 |
_aПоловая жизнь _xГигиена _91176600 _3RU\NLR\auth\66472905 |
|
| 610 | 0 | _aДаосизм | |
| 610 | 0 | _aСексология | |
| 675 |
_a613.88(520) _v3 _zrus |
||
| 686 |
_a76.33 _2rugasnti |
||
| 686 |
_a57.0 _2rubbk |
||
| 686 | _aР702 | ||
| 701 | 1 |
_4070 _7ca _8rus _aЧиа _bМ. _f1944- _gМантэк _9117882 _3RU\NLR\auth\777960 |
|
| 701 | 1 |
_4070 _7ca _8rus _aЧиа _bМ. _gМэниван _9117883 _3RU\NLR\auth\777961 |
|
| 701 | 1 |
_4070 _7ca _8rus _aАрава _bД. А. _gДуглас Абрамс _950962 _3RU\NLR\auth\7768034 |
|
| 701 | 1 |
_4070 _7ca _8rus _aАбрамс _bР. К. _gРэйчел Карлтон _959867 _3RU\NLR\auth\7776939 |
|
| 801 | 0 |
_aRU _bRKP _c20010803 _gPSBO |
|
| 801 | 1 |
_aRU _bRKP _c20010803 |
|
| 801 | 2 |
_aRU _bNLR _c20100907 _grcr |
|
| 942 | _cBOOK | ||
| 980 | _aNB | ||